Toxicology : (Record no. 330319)

000 -LEADER
fixed length control field 00936pam a2200277 a 4500
001 - CONTROL NUMBER
control field 4787743
003 - CONTROL NUMBER IDENTIFIER
control field NUST
005 - DATE AND TIME OF LATEST TRANSACTION
control field 20170620123611.0
008 - FIXED-LENGTH DATA ELEMENTS--GENERAL INFORMATION
fixed length control field 871123s1988 miua b 001 0 eng c
010 ## - LIBRARY OF CONGRESS CONTROL NUMBER
LC control number 87032492
020 ## - INTERNATIONAL STANDARD BOOK NUMBER
International Standard Book Number 0873711335
040 ## - CATALOGING SOURCE
Original cataloging agency DNLM/DLC
Transcribing agency DLC
Modifying agency DLC
050 00 - LIBRARY OF CONGRESS CALL NUMBER
Classification number RA1211
Item number .K26 1988
060 ## - NATIONAL LIBRARY OF MEDICINE CALL NUMBER
Classification number QV 600 K15t
082 00 - DEWEY DECIMAL CLASSIFICATION NUMBER
Classification number 615.9 KAM
Edition number 19
100 1# - MAIN ENTRY--PERSONAL NAME
Personal name Kamrin, Michael A.
9 (RLIN) 2928
245 10 - TITLE STATEMENT
Title Toxicology :
Remainder of title a primer on toxicology principles and applications ... /
Statement of responsibility, etc. Michael A. Kamrin.
260 ## - PUBLICATION, DISTRIBUTION, ETC.
Place of publication, distribution, etc. Chelsea, Mich. :
Name of publisher, distributor, etc. Lewis Publishers,
Date of publication, distribution, etc. c1988.
300 ## - PHYSICAL DESCRIPTION
Extent xii, 145 p. :
Other physical details ill. ;
Dimensions 24 cm.
500 ## - GENERAL NOTE
General note Includes index.
501 ## - WITH NOTE
With note H.B
504 ## - BIBLIOGRAPHY, ETC. NOTE
Bibliography, etc. note Bibliography: p. 139-141.
650 #0 - SUBJECT ADDED ENTRY--TOPICAL TERM
Topical term or geographic name entry element Toxicology.
9 (RLIN) 2912
650 #2 - SUBJECT ADDED ENTRY--TOPICAL TERM
Topical term or geographic name entry element Toxicology.
9 (RLIN) 2912
856 42 - ELECTRONIC LOCATION AND ACCESS
Materials specified Publisher description
Uniform Resource Identifier <a href="http://www.loc.gov/catdir/enhancements/fy0744/87032492-d.html">http://www.loc.gov/catdir/enhancements/fy0744/87032492-d.html</a>
906 ## - LOCAL DATA ELEMENT F, LDF (RLIN)
a 7
b cbc
c orignew
d 1
e ocip
f 19
g y-gencatlg
942 ## - ADDED ENTRY ELEMENTS (KOHA)
Source of classification or shelving scheme
Koha item type Book
Call number prefix IESE
Holdings
Withdrawn status Lost status Source of classification or shelving scheme Damaged status Not for loan Collection code Permanent Location Current Location Shelving location Date acquired Total Checkouts Full call number Barcode Date last seen Price effective from Koha item type
            Institute of Environmental Science and Engineering (IESE) Institute of Environmental Science and Engineering (IESE) General Stacks 06/20/2017   615.9 KAM IESE-97 06/20/2017 06/20/2017 Book
© 2023 Central Library, National University of Sciences and Technology. All Rights Reserved.